Kalkulace nákladů a cenová politika v tržní ekonomice
Guardado en:
| Autor principal: | |
|---|---|
| Formato: | Libro |
| Lenguaje: | checo |
| Publicado: |
Praha
Linde
1992
|
| Materias: | |
| Acceso en línea: | Ver en el OPAC |
| Etiquetas: |
Sin Etiquetas, Sea el primero en etiquetar este registro!
|
MARC
| LEADER | 00000nam a2200000 a 4500 | ||
|---|---|---|---|
| 005 | 20260127134229.0 | ||
| 008 | 090212 2008 xr 000 0 cze d | ||
| 020 | |a 8090121012 | ||
| 035 | |a vtls009472137 | ||
| 039 | 9 | |y 200902120756 |z mschk03 | |
| 040 | |a STUSCHK1 |b slo |c STUSCHK1 |e AACR2 | ||
| 080 | |a 657 | ||
| 080 | |a 338.5 | ||
| 100 | 1 | |a Swoboda, Petr | |
| 245 | 1 | |a Kalkulace nákladů a cenová politika v tržní ekonomice |c Petr Swoboda | |
| 260 | |a Praha |b Linde |c 1992 | ||
| 300 | |a 95 s. |b tab., lit. | ||
| 650 | 0 | |a náklady | |
| 650 | 0 | |a kalkulace | |
| 650 | 0 | |a ceny | |
| 650 | 0 | |a tvorba | |
| 650 | 0 | |a tržní ekonomika | |
| 650 | 0 | |a kalkulace nákladů | |
| 910 | |a SCHK95 | ||
| 919 | |a 80-901210-1-2 | ||
| 999 | |c 7285 |d 7285 | ||
| 942 | 0 | 0 | |0 1 |